Revista de bioťica y derecho

Detalles Bibliográficos
Autor Corporativo: Observatori de Bioẗica i Dret
Formato: Revista
Lenguaje:español
Publicado: Barcelona : Universitat de Barcelona. Observatori de Bioẗica i Dret, 2004-
Materias:
Acceso en línea:Acceso restringido

MARC

LEADER 00000nas a2200000 a 4500
005 20110713101911.0
007 cr |||||||||||
008 050620c20049999spctr p|s ||| 0 ||spa|c
022 |a 1886-5887  |y 1886-5887 
035 |a 5627 
040 |d vLex 
090 |c 2217  |d 2217 
245 0 0 |a Revista de bioťica y derecho  |h [Recurso electrn̤ico] 
256 |a Revista electrn̤ica 
260 |a Barcelona :  |b Universitat de Barcelona. Observatori de Bioẗica i Dret,  |c 2004- 
310 |a Cuatrimestral,  |b 2006- 
321 |a Trimestral  |b 2004-2005 
362 0 |a No. 1 (dic. 2004)- 
500 |a Descripcin̤ del recurso el 20 de junio 2005 
506 1 |a Contenido solo disponible en los productos indicados  |d vLex Global  |d vLex Global (Academic Edition, excluding Law Schools)  |d vLex Global (U.S. Academic Edition, Law Schools)  |d vLex Global (U.S. Academic Edition, excluding Law Schools)  |d vLex Global (Academic Edition, Law Schools) 
650 0 4 |a Bioťica  |x Revistas 
650 0 4 |a Derecho  |x Revistas 
655 4 |a Revistas electrn̤icas 
710 2 |a Observatori de Bioẗica i Dret 
740 0 |a vLex Revistas (Servicio en ln̕ea) 
856 |z Acceso restringido  |u http://vlex.com/source/revista-bioetica-derecho-5627 
942 |c REV